Eisenwaren Börse : Unabhängige Fachzeitschrift.

Uložené v:
Podrobná bibliografia
Médium: Časopis
Jazyk:German
Vydané: Coburg : Verlag Karl Ihl., 1905-1970.
Tagy: Pridať tag
Žiadne tagy, Buďte prvý kto otaguje tento záznam!

MARC

LEADER 00000nas a2200000 a 4500
001 000309721
003 SVKK
005 20200603135335.0
008 040805d19051970gw r|p||| |0 a0ger c
040 |a KE001  |b slo  |e AACR2 
041 0 |a ger 
044 |a gw  |c DE 
245 0 0 |a Eisenwaren Börse :  |b Unabhängige Fachzeitschrift. 
260 |a Coburg :  |b Verlag Karl Ihl.,  |c 1905-1970. 
310 |a 2x mesačne 
910 |a KE001  |b C.3976 
998 |a SE 
090 |g CASOS  |k Sklad  |a C.3976  |j 118717  |i 2720737658  |s Zviazaný časopis 
090 |g CASOS  |k Sklad  |a C.3976  |j 118718  |i 2720737660  |s Zviazaný časopis 
090 |g CASOS  |k Sklad  |a C.3976  |j 118719  |i 2720737665  |s Zviazaný časopis 
090 |g CASOS  |k Sklad  |a C.3976  |j 118720  |i 2720737666  |s Zviazaný časopis 
090 |g CASOS  |k Sklad  |a C.3976  |i 2720737645  |s Zviazaný časopis 
090 |g CASOS  |k Sklad  |a C.3976  |i 2720737648  |s Zviazaný časopis 
090 |g CASOS  |k Sklad  |a C.3976  |i 2720737649  |s Zviazaný časopis 
090 |g CASOS  |k Sklad  |a C.3976  |i 2720737650  |s Zviazaný časopis 
090 |g CASOS  |k Sklad  |a C.3976  |i 2720737653  |s Zviazaný časopis 
090 |g CASOS  |k Sklad  |a C.3976  |i 2720737654  |s Zviazaný časopis 
090 |g CASOS  |k Sklad  |a C.3976  |i 2720737655  |s Zviazaný časopis 
090 |g CASOS  |k Sklad  |a C.3976  |i 2720737656  |s Zviazaný časopis